| 000 | 01401nam a2200301 c 4500 | ||
|---|---|---|---|
| 999 |
_c61573 _d61573 |
||
| 003 | BLK | ||
| 005 | 20221024131251.0 | ||
| 008 | 180408b bul|||||r ||||||| ||bul|| | ||
| 010 | _aKNG00065775000 | ||
| 040 | _aBLK | ||
| 041 |
_aBUL _cBUL |
||
| 080 |
_aИстория на Втората световна война (1939-1945) _b940.53 _z940.53 |
||
| 139 |
_aИстория на Втората световна война _bИ 95 |
||
| 245 | 1 | 0 |
_aИстория на Втората световна война _b1939-1945 : Т. 1 - 12 _cглав. ред. Д. Ф. Устинов. _nТ. 5 _pПровалът на агресивните планове на фашисткия блок |
| 257 | _aRUS | ||
| 260 |
_bВоен. изд. _c1976 - _aСофия |
||
| 300 | _c25 см | ||
| 380 | _a9 | ||
| 650 | 4 |
_aВтора световна война - история _9276224 |
|
| 653 | _aВтора световна война | ||
| 700 | 1 |
_aУстинов, Д. Ф. _eглав. ред. _9290461 |
|
| 760 | 1 |
_d1978 _h568 с., 56 л. портр., ил. _nБиблиогр. под линия. - Хронол., именен и геогр. показалец _tТ. 5 Провалът на агресивните планове на фашисткия блок |
|
| 852 | _aЦб 83384 | ||
| 856 | 4 |
_qpdf _i0.00 _ldisable |
|
| 856 | 4 |
_qpdf _i0.00 _ldisable |
|
| 942 |
_cKNG _n0 _01 _s1 |
||
| 944 |
_aCR _c13.06.2004 _kГеновева_Генчева |
||
| 944 |
_aED _c10.09.2008 |
||
| 999 | _d61573 | ||